000 00678nam a2200289Ia 4500
005 20260324143206.0
008 008 260324s9999 xx 000 0 eng d
020 _a9781315803234
037 _aEBOOK
040 _aCRL
040 _beng
040 _cCRL
041 _2eng
041 _aeng
084 _qCRL
100 _aDonald R Ross
_91214724
245 0 _aMultiple Personality Disorder
245 0 _bPsychoanalytic Inquiry, 12.1
260 _bTaylor and Francis
260 _c1992
365 _a
365 _b67.99
856 _uhttp://www.taylorfrancis.com/books/9781315803234
942 _cEBOOK
999 _c1819833
_d1819833